000 00883nam a22002897a 4500
001 BR6006819
003 BR-BrBNA
005 20230928095734.0
007 ta
008 230509b bl.||||| |||| 00| 0 por d
040 _aBR-BrBNA
_bpor
_cBiblioteca Nacional de Agricultura
041 _a(Por)
072 _aF04; E14
090 _ F04 BR6006819
100 1 _aMalagueta, N.H.
100 1 _aBirbaumer, G.
110 1 _aAssociacao Nordestina de Credito e Assistencia Rural do Ceara, Fortaleza (Brasil). Servico de Extensao Rural
_9704
245 1 _aProjeto FAO/MA/ANDA/ABCAR/BNB. Relatorio preliminar; Estado do Ceara, 1973
260 3 _aFortaleza, CE (Brasil):
_c1974.
300 _a52 p.
650 _aFertilizante
650 _aProjeto de Desenvolvimento
650 _aAdubacao
650 _aAnalise Economica
909 _a202309
_bLucia
_c55
_dLucia Elande
942 _cBK
999 _c58381
_d58381